Current Ligue 1Teams-Sudden Death - Statistics

General Stats
  • This quiz has been taken 20 times
  • The average score is 12 of 18
Answers on the Grid
Answers color-coded by a green-red scale on the quiz's grid according to % correct below.
PSG
RC Lens
Marseille
Lyon
LOSC Lille
Stade Rennais
Monaco
Strasbourg
Lorient
Brest
Toulouse
Angers
Paris FC
Le Havre
Metz
Nice
Auxerre
Nantes
AS St Etienne
Troyes
Guingamp
Red Star
Ajaccio
Chelsea
Grenoble Foot
Pau
Dunkerque
Stade Laval
Bastia
Osasuna
Versailles
Chateauroux
Clermont Foot
Juventus
Valenciennes
Reims
 
Answer Stats
Answer % Correct
Lyon
87%
PSG
87%
Monaco
80%
Brest
73%
Marseille
73%
Nice
73%
Paris FC
73%
Strasbourg
73%
RC Lens
67%
Toulouse
67%
LOSC Lille
60%
Angers
53%
Nantes
53%
Auxerre
47%
Le Havre
47%
Lorient
47%
Metz
47%
Stade Rennais
47%
No matching quizzes found
Score Distribution
Percent of People with Each Score
Percentile by Number Answered
Your Score History
You have not taken this quiz